Roman Jerusalem : a new old city /

محفوظ في:

مؤلفون آخرون: Avni, Gideon., Stiebel, Guy.

التنسيق: كتاب

اللغة: English

منشور في: Portsmouth, Rhode Island : Journal of Roman Archaeology, 2017.

سلاسل: Journal of Roman archaeology. Supplementary series ; 105.
JRASS ; 105.

الموضوعات:

الوسوم: إضافة وسم

لا توجد وسوم, كن أول من يضع وسما على هذه التسجيلة!

رقم الطلب: DG11 .J62 no.105

LEADER 01038namaa2200289 4500
003 OSt
005 20260111115535.0
008 130303t20172017riuab b 000 0 eng d
020 |a 9780991373093 
040 |c ARCE Library 
043 |a a-is--- 
050 4 |a DG11 .J62 no.105 
245 0 0 |a Roman Jerusalem :  |b a new old city /  |c edited by Gideon Avni and Guy D. Stiebel ; with contributions by Gideon Avni [and 14 others]. 
264 1 |a Portsmouth, Rhode Island :  |b Journal of Roman Archaeology,  |c 2017. 
264 4 |c ©2017. 
300 |a 161 pages :  |b illustrations, maps (some color) ;  |c 29 cm. 
490 0 |a Journal of Roman archaeology. Supplementary series ;   |v 105. 
490 0 |a JRASS ;   |v 105. 
504 |a Includes bibliographical references (pages 143-161) 
650 0 |a Romans  |z Jerusalem  |x Antiquities. 
650 0 |a Romans  |z Jerusalem  |x History. 
650 0 |a Excavations (Archaeology)   |z Jerusalem. 
700 1 |a Avni, Gideon.  |9 25865 
700 1 |a Stiebel, Guy.  |9 40544 
901 |a reviewed 
942 |c BK  |2 lcc 
999 |c 7353  |d 7353